Syntactic Pattern Recognition : An Introduction /
Gardado en:
| Autor Principal: | |
|---|---|
| Outros autores: | |
| Formato: | Sách giấy |
| Idioma: | English |
| Publicado: |
Reading, Massachusetts :
Addison-Wesley,
1978
|
| Các nhãn: |
Engadir etiqueta
Sen Etiquetas, Sexa o primeiro en etiquetar este rexistro!
|
| Thư viện lưu trữ: | Thư viện Trường Đại học Đà Lạt |
|---|
| LEADER | 00662nam a2200253 4500 | ||
|---|---|---|---|
| 001 | DLU020000234 | ||
| 005 | ##12/11/1998 | ||
| 020 | # | # | |a 0-201-02930-8 |
| 041 | # | # | |a eng |
| 082 | # | # | |a 001.534 |b GO-R |
| 100 | # | # | |a Gonzalez, Rafael C. |
| 245 | # | # | |a Syntactic Pattern Recognition : |b An Introduction / |c Rafael C. Gonzalez, Michael G. Thomason |
| 260 | # | # | |a Reading, Massachusetts : |b Addison-Wesley, |c 1978 |
| 300 | # | # | |a X, 283 tr.; |c 23 cm. |
| 700 | # | # | |a Thomason, Michael G. |
| 992 | # | # | |a 8000 |
| 994 | # | # | |a DLU |
| 900 | # | # | |a False |
| 911 | # | # | |a Administrator |
| 925 | # | # | |a G |
| 926 | # | # | |a A |
| 927 | # | # | |a SH |
| 980 | # | # | |a Thư viện Trường Đại học Đà Lạt |


